América

Zapisane w:
Opis bibliograficzny
1. autor: Kafka, Franz (Autor)
Format: Książka
Język:hiszpański
Wydane: Buenos Aires Emecé 1961
Seria:Colección Piragua
Hasła przedmiotowe:
Etykiety: Dodaj etykietę
Nie ma etykietki, Dołącz pierwszą etykiete!

MARC

LEADER 00000nam a2200000 a 4500
001 UCQ6938
003 CL-VaPUC
008 981023e19610000AG |||||||||||||||||spa|d
082 0 4 |a 891.863  |b KAF  |2 21 
100 |a Kafka, Franz   |e author  |9 266293 
245 1 0 |a América 
300 |a 280 p 
942 |c BK 
945 |d 19981023 00:00:00  |a crobeson 
260 |a Buenos Aires  |b Emecé  |c 1961 
650 7 |a NOVELAS CHECOESLOVACAS  |2 CL-VaPUC  |9 322610 
650 7 |a LITERATURA CHECOESLOVACA  |2 CL-VaPUC  |9 348950 
583 |a last modification  |c 20120829 01:30:45  |k Rodrigo Vera 
490 0 |a Colección Piragua 
999 |c 276833  |d 276831 
952 |0 0  |1 0  |4 0  |6 891_863000000000000_KAF_1961  |7 0  |8 A  |9 314320  |a BIBEDU  |b BIBEDU  |d 2019-11-20  |i 1486535  |o 891.863 KAF 1961  |p 1486535  |r 2019-11-20  |w 2019-11-20  |y BK  |k LIT